000 01729naa a22003737a 4500
001 BR8602770
003 BR-BrBNA
005 20240918175718.0
007 ta
008 230509b bl.||||| |||| 00| 0 por d
040 _aBR-BrBNA
_bpor
_cBiblioteca Nacional de Agricultura
041 _a(Pt)
072 _aH20
_b1030
090 _aH20 BR8602770
100 1 _aBeretta, M.J.G.
100 1 _aPompeu Junior, J.
100 1 _aTeofilo Sobrinho, J.
100 1 _aRossetti, V.
100 1 _aFogaca, M.
100 1 _aLefevre, A.F.V.
100 1 _aJacon, J.R.
111 1 _a8. Congresso Brasileiro de Fruticultura
_cBrasilia, DF (Brazil)
_d26-31 Jan 1986
245 1 _aAvaliacao do declinio de plantas citricas em clones de limoes "cravo e volcameriano"
246 1 _aEvaluation of the decline of citrus trees on rangpur lime and volkamer lemon clones
246 1 _a[Annals of the 8. Brazilian Congress of Fruitculture. v. 1]
260 3 _aBrasilia, DF (Brasil):
_bEMBRAPA. DDT,
_c1986.
500 _aPinto, A.C. de Q.; Genu, P.J. de C. (eds.) Anais do 8. Congresso Brasileiro de Fruticultura. v. 1 Brasilia, DF (Brasil): EMBRAPA. DDT, 1986. p. 243-247 (BR8602770-AM)H20
650 _aFRUTA CITRICA
650 _aPORTA ENXERTO
650 _aDECLINIO DOS CITRUS
773 0 _tAnais do 8. Congresso Brasileiro de Fruticultura. v. 1
_aPinto, A.C. de Q.; Genu, P.J. de C. (eds.). Sociedade Brasileira de Fruticultura, Brasilia, DF (Brasil);Empresa Brasileira de Pesquisa Agropecuaria, Brasilia, DF (Brasil);Conselho Nacional de Desenvolvimento Cientifico e Tecnologico, Brasilia, DF (Brasil)
_wH20 BR8602770
_gBrasilia, DF (Brasil), 1986. p. 243-247
909 _a202404
_bLucia
_c55
_dLucia Elande
942 _cAM
_2AGRIS
999 _c317861
_d317861